000 00952nam a22003137a 4500
001 BR0401329
003 BR-BrBNA
005 20230928101532.0
007 ta
008 230509b bl.||||| |||| 00| 0 por d
040 _aBR-BrBNA
_bpor
_cBiblioteca Nacional de Agricultura
041 _a(Por)
072 _aP34; F04
_b1410
090 _ 1410 BR0401329
100 1 _aSilva, M.V. da
110 1 _aUniversidade Federal de Lavras, MG (Brasil)
_0Tese (Mestrado)
245 1 _aAplicação foliar de cobalto, inoculação com rizóbio e adubação nitrogenada na cultura do feijoeiro
260 3 _aLavras, MG (Brasil):
_c2002.
300 _a54 p.
500 _aSummaries (Eng, Por); Bibliography p. 43-54; 11 tables
650 _aFEIJÃO
650 _aADUBAÇÃO FOLIAR
650 _aFERTILIZANTE NITROGENADO
650 _aCOBALTO
650 _aINOCULAÇÃO
650 _aRHIZOBIUM
909 _a202309
_bLucia
_c55
_dLucia Elande
942 _cBK
999 _c66304
_d66304